000 00382pab a2200157 454500
008 180718b2009 xxu||||| |||| 00| 0 eng d
100 _aBanerjee, Indranil
245 _aEDP - transformational issues
260 _c2009
300 _ap.80-84.
362 _aJul-Sep
650 _aTraining
773 _aIndian Journal of Training and Development
908 _aN
909 _a84889
999 _c84889
_d84889